C # 2008 for programmers / (Record no. 11150)

MARC details
000 -LEADER
fixed length control field 01049cam a22003255a 4500
001 - CONTROL NUMBER
control field 15636850
005 - DATE AND TIME OF LATEST TRANSACTION
control field 20201128020725.0
008 - FIXED-LENGTH DATA ELEMENTS--GENERAL INFORMATION
fixed length control field 090224s2009 njuad f 001 0 eng
010 ## - LIBRARY OF CONGRESS CONTROL NUMBER
LC control number 2009285303
020 ## - INTERNATIONAL STANDARD BOOK NUMBER
International Standard Book Number 9780137144150
020 ## - INTERNATIONAL STANDARD BOOK NUMBER
International Standard Book Number 0137144156
040 ## - CATALOGING SOURCE
Original cataloging agency DLC
Transcribing agency DLC
Language of cataloging eng
Modifying agency EG-ScBUE
050 00 - LIBRARY OF CONGRESS CALL NUMBER
Classification number QA76.73.C154
Item number D455 2009
082 04 - DEWEY DECIMAL CLASSIFICATION NUMBER
Classification number 005.133
Item number DEI
Edition number 22
100 1# - MAIN ENTRY--PERSONAL NAME
Personal name Deitel, Paul J.
9 (RLIN) 2983
245 10 - TITLE STATEMENT
Title C # 2008 for programmers /
Statement of responsibility, etc Paul J. Deitel, Harvey M. Deitel.
250 ## - EDITION STATEMENT
Edition statement 3rd ed.
260 ## - PUBLICATION, DISTRIBUTION, ETC. (IMPRINT)
Place of publication, distribution, etc Upper Saddle River, NJ :
Name of publisher, distributor, etc Prentice Hall,
Date of publication, distribution, etc c2009.
300 ## - PHYSICAL DESCRIPTION
Extent xlii, 1251 p. :
Other physical details ill. ;
Dimensions 24 cm.
490 ## - Series Statement
Series statement Deitel developer series
500 ## - GENERAL NOTE
General note index 1215-1251.
504 ## - BIBLIOGRAPHY, ETC. NOTE
Bibliography, etc Includes bibliographical references .
650 #0 - SUBJECT ADDED ENTRY--TOPICAL TERM
Topical term or geographic name as entry element C # (Computer program language)
9 (RLIN) 2984
Source of heading or term BUEsh
651 ## - SUBJECT ADDED ENTRY--GEOGRAPHIC NAME
Source of heading or term BUEsh
653 ## - INDEX TERM--UNCONTROLLED
Resource For college Informatics and Computer Science
Arrived date list August2014
655 ## - INDEX TERM--GENRE/FORM
Form subdivision
-- 33728
700 1# - ADDED ENTRY--PERSONAL NAME
Personal name Deitel, Harvey M.,
Dates associated with a name 1945-
9 (RLIN) 2985
942 ## - ADDED ENTRY ELEMENTS (KOHA)
Source of classification or shelving scheme Dewey Decimal Classification
Item type Book - Borrowing
Holdings
Withdrawn status Item status Source of classification or shelving scheme Damaged status Not for loan Vendor Home library Current library Shelving location Date acquired Source of acquisition Cost, normal purchase price Serial Enumeration / chronology Total Checkouts Total Renewals Full call number Barcode Date last seen Date last borrowed Koha item type
    Dewey Decimal Classification     Alahram Central Library Central Library Lower Floor 31/03/2009   370.50 376 7 32 005.133 DEI 000015821 15/07/2025 20/01/2014 Book - Borrowing